| 000 | 00587nam a2200229 a 4500 | ||
|---|---|---|---|
| 999 |
_c4758 _d4758 |
||
| 001 | 4758 | ||
| 003 | BD-JhCC | ||
| 005 | 20171209113237.0 | ||
| 008 | 171203b1963 bg a|||| ||a| 001 0 eng d | ||
| 035 | _a(BD-JhCC)4758 | ||
| 040 |
_aBD-JhCC _dBD-JhCC |
||
| 041 | _aeng | ||
| 082 |
_a355.0095491 _bKHA 1963 |
||
| 100 | _aKhan, Fazal Muqeem | ||
| 245 |
_aThe Story of The Pakistan Army / _cFazal Muqeem Khan |
||
| 250 | _a2nd ed. | ||
| 260 |
_aDacca : _bOxford University Press, _c1963. |
||
| 300 |
_a250 p. : _c22 cm. |
||
| 650 | _aPakistan Army | ||
| 942 |
_2ddc _cBK |
||